Η κοινωνική ανάπτυξη του εφήβου

Αποθηκεύτηκε σε:
Λεπτομέρειες βιβλιογραφικής εγγραφής
Κύριος συγγραφέας: Reymond-Rivier, Berthe
Άλλοι συγγραφείς: Ντεκάστρο, Μαρίζα, 1953- (trlf)
Μορφή: Βιβλίο
Γλώσσα:Greek
French
Δημοσίευση: Αθήνα : Καστανιώτης, 1989.
Σειρά:Σύγχρονη παιδαγωγική βιβλιοθήκη
Θέματα:
Ετικέτες: Προσθήκη ετικέτας
Δεν υπάρχουν, Καταχωρήστε ετικέτα πρώτοι!

MARC

LEADER 00000cam a2200000 i 4500
001 1/28539
008 021112s1989 gr | ||| |||| ||gre||
020 |a 960030436X 
035 |l 10068635 
040 |a GR-MY-UA  |b gre  |e aacr 
041 1 |a gre  |h fre 
082 7 |a 303.32   |2 (22) 
100 1 |a Reymond-Rivier, Berthe. 
245 1 2 |a Η κοινωνική ανάπτυξη του εφήβου /   |c Μπέρτ Ρεϊμόν-Ριβιέ ; μετάφραση: Μαρίζα Ντε Κάστρο.  
260 |a Αθήνα :   |b Καστανιώτης,   |c 1989.  
300 |a 109 σ. ;   |c 21 εκ.  
490 1 |a (Σύγχρονη παιδαγωγική βιβλιοθήκη)  
500 |a Μετάφραση του: Le developpement social de l'adolescent.  
504 |a Βιβλιογραφάι : σ. 109.  
650 0 0 |a Child development. 
650 0 0 |a Adolescence. 
700 1 |a Ντεκάστρο, Μαρίζα,   |d 1953- ,  |e trlf 
830 0 |a Σύγχρονη παιδαγωγική βιβλιοθήκη 
852 |a INST  |b RHODES  |e 20021112  |h 303.32 REY  |p 005400016014  |q 005400016014  |t BK  |y 0 
901 |a BIBL4-2003-1 
909 |a Ρ  |b 101495 
922 |a 4ΕΛΗ  |b 200210  |c ΒΙΒΛΙΟΘΗΚΗ  |d ΔΕΝΤΡΟ 
970 |a ΚΟΥΛΑΚΙΟΤΗ  |b ΛΙΤΣΑ  |z 2003/01/20